| 000 | 00695nam a2200181 a 4500 | ||
|---|---|---|---|
| 008 | 120416s1983 ||||||||||||||||| || u | ||
| 020 | _a0435822942 | ||
| 050 | _aHA 29 Eve | ||
| 100 | _aDunn, G. (Graham), 1949- | ||
| 245 | 1 | 0 | _aAdvanced methods of data exploration and modelling |
| 260 |
_aLondon _bHeinemann _c1983 |
||
| 300 | _axix, 253p. : ill. | ||
| 350 | _a0.00 | ||
| 650 | _aSOCIAL SCIENCES--STATISTICAL METHODS--COMPUTER PROGRAM--EXERCISES, PROBLEMS, ETC | ||
| 650 | _aSTATISTICS--HANDBOOKS, MANUALS, ETC | ||
| 700 | _aEveritt, B. S | ||
| 995 |
_D0.00 _FCBU-MAIN LIBRARY (Kitwe) _H1 _I22.50 _UOUT _ZMain Library Open Access Collection |
||
| 999 |
_c33574 _d33574 |
||